000 00643nam a22002297a 4500
003 UA-OsUOA
001 95561
007 ta
008 20130305b un ||||| |||| 00| 0 ukr d
100 _aКербабаев Б.
090 _a821.512.164
_bК36
942 _cBK
040 _aUA-OsUOA
_brus
_cUA-OsUOA
_dUA-OsUOA
245 _aКапля воды - крупица золота
_bроман
300 _a416 с.
955 _a3
041 _arus
080 _a821.512.164
260 _aМ.
_bСоветский писатель
_c1975
650 7 _a82 Література. Літературознавство
_2UDC
999 _c381808
_d381808